LEADER 01348nam a2200313 i 4500 001 000000151766 003 CaOOAMICUS 005 20060711000000.0 008 060711s1982 it u000 u ita u 013 $a129105 040 $aSeMil$bita 100 1 $aCukovskaja, Lidija.$0(OLS)http://semarc/name/57978 245 13$aIl processo :$bmemoria sul costume letterario /$cLidija Cukovskaja ; tradotto dal russo da Carla Degli Ippoliti. 260 $aFirenze :$bArte & Pensiero,$c1982. 260 $aMilano :$bJaca Book,$c1982. 300 $a219 p. ;$c21 cm. 490 0 $aSlavica ;$v2 500 $aFondo Ciprandi. 650 4$aLibertà di stampa - Unione Sovietica.$0(OLS)http://semarc/subject/29629 650 4$aPerseguitati politici - Unione Sovietica.$0(OLS)http://semarc/subject/29630 700 1 $aDegli Ippoliti, Carla.$0(OLS)http://semarc/name/59602 830 0$aSlavica ;$v2.$0(OLS)http://semarc/title/20625 850 $aSeMil 852 $aSeMil$W1$xVenegono$y1$m1V V 159$j103748$B103748$CSeMilBibl$Z2$F112813 $81 941 1 $a1 961 $aOmaggio: Ciprandi dott. Paolo 996 $6245$aIl processo :$bmemoria sul costume letterario$9(OLS)http://semarc/title/221797 996 $6260$aMilano :$bJaca Book$9(OLS)http://semarc/publisher/29781 996 $6260$aFirenze :$bArte & Pensiero$9(OLS)http://semarc/publisher/34250 LEADER 01417nam a2200205 i 4500 001 000000207109 003 CaOOAMICUS 005 20111021000000.0 008 111021s1829 it u000 u ita u 013 $a185884 026 $aA.E+ a.ve e.ni (1pr (3) 1828 (R) 040 $aSeMil$bita 245 10$aBibliografia dei romanzi e poemi romanzeschi d'Italia appendice all'opera del dottore Giulio Ferrario intitolata Storia ed analisi degli antichi romanzi di cavalleria e dei poemi romanzeschi d'Italia. 300 $aVII, [1], 304 p. 500 $aPer il nome dell'A., Gaetano Melzi, cfr. G.B. Passano, Dizionario di opere anonime e pseudonime in supplemento a quello di Gaetano Melzi, p. 37. 700 1 $aMelzi, Gaetano.$0(OLS)http://semarc/name/74390 773 0 $tStoria ed analisi degli antichi romanzi di cavalleria e dei poemi romanzeschi d'Italia con dissertazioni sull'origine, sugl'istituti, sulle cerimonie de' cavalieri, sulle corti d'amore sui tornei, sulle giostre ... Volume 1. [-.4].$dMilano : Dalla tipografia dell' Autore, 1828-1829.$g4$w()25614 850 $aSeMil 852 $aSeMil$W1$xVenegono$y1$m1M VII 8 FA$j157572$B157572$CSeMilBibl$Z2$F168796 $8I 996 $6245$aBibliografia dei romanzi e poemi romanzeschi d'Italia appendice all'opera del dottore Giulio Ferrario intitolata Storia ed analisi degli antichi romanzi di cavalleria e dei poemi romanzeschi d'Italia$9(OLS)http://semarc/title/299517